000 00433nam a22001577a 4500
003 OSt
008 260430b |||||||| |||| 00| 0 eng d
082 _a633.17
_bT30S
100 _aThakur, Ashok Kumar
245 _aStudies on Response of Legumes and Maize to Phosphorus in Winter Lecome-Maize Rotation
260 _aPusa, Samastipur
_bRAU
_c1975
300 _a134P.
502 _bMsc.
_d1975
650 _aAgronomy
942 _2ddc
_cT
999 _c50348
_d50348